Whispering mind : (Record no. 93782)

MARC details
000 -LEADER
fixed length control field 00606nam a22001817a 4500
005 - DATE AND TIME OF LATEST TRANSACTION
control field 20150731115116.0
010 ## - LCCN (DPL NO)
LC control number ENG-113147
020 ## - INTERNATIONAL STANDARD BOOK NUMBER
International Standard Book Number 9788120767126
Terms of availability 299.00
035 ## - SYSTEM CONTROL NUMBER
System control number EN-96679
037 ## - SOURCE OF ACQUISITION
Source of stock number/acquisition DBAD/PUB
082 ## - DEWEY DECIMAL CLASSIFICATION NUMBER
Classification number 881
100 ## - MAIN ENTRY--PERSONAL NAME
Personal name Shashidharan, K. P.
245 ## - TITLE STATEMENT
Title Whispering mind :
Statement of responsibility, etc by K. P. Shashidharan
Remainder of title eternal love story of Yin & Yang fable poems on life, love & joy of living /
260 ## - PUBLICATION, DISTRIBUTION, ETC. (IMPRINT)
Name of publisher, distributor, etc Sterling Paperbacks
Date of publication, distribution, etc 2010
Place of publication, distribution, etc New Delhi
270 ## - ADDRESS
City New Delhi
Postal code 110020
Address A-59, Okhla Industrial Area, Phase-II,
300 ## - PHYSICAL DESCRIPTION
Extent 319p.
Dimensions 21cm(pbk)
942 ## - ADDED ENTRY ELEMENTS (KOHA)
Source of classification or shelving scheme Dewey Decimal Classification
Item type English Books
Call number suffix SHA
Classification part 881
Holdings
Withdrawn status Lost status Not for loan Collection code Home library Current library Date acquired Source of acquisition Cost, normal purchase price Full call number Barcode Copy number Cost, replacement price Koha item type
    Not For Loan Non-fiction D.B.Act.Division D.B.Act.Division 20/05/2015 DBAD/PUB 299.00 881 SHA EN-96679 1 299.00 English Books

© Delhi Public Library
Hit Counter
free hit counter